Citations Seigneur des Anneaux #2 - Statistiques

Statistiques générales
  • Ce quiz a été pris 158 fois
  • Le résultat moyen est 11 sur 14
Statistiques - réponses
Hint Réponse % Correct
« Sournois ? Le… sournois ! Le gros hobbit joufflu est toujours si poli. Sméagol les amène par des chemins secrets que personne ne trouverait. Et il le traite de sournois ! Sournois ! » Gollum
98%
« Le lac est bon, fraîche est son eau, c’est délicieux ! Ce que nous voulons c’est du poisson fort bien goûteux ! » Gollum
97%
« Je ne peux le porter pour vous, mais je peux vous porter vous ! » Sam
96%
« Je vous aurais suivi, mon frère, mon capitaine, mon roi ! » Boromir
94%
« La moitié de la Comté est invitée, et l’autre moitié viendra quand même » Frodon
91%
« Je ne suis pas un homme ! » Eowyn
87%
« Dans le doute, Mériadoc, toujours suivre son flaire ! » Gandalf
85%
« Garde ta langue fourchue derrière tes dents ! » Gandalf
79%
« Si je reviens, ayez meilleure opinion de moi » Faramir
78%
« Dormez, tant que vous le pouvez… » Aragorn
71%
« Je rejoins mes ancêtres. En leur illustre compagnie, je n’aurai pas honte, désormais. » Théoden
66%
« C’est pas tout à côté… » Gimli
59%
« Bouraroum ! » Sylvebarbe
57%
« Pourquoi ces imbéciles fuient-ils, mieux vaut mourir plus tôt que plus tard, puisque mourir il le faudra… » Dénéthor
53%
Aucun quiz correspondant
Distribution des résultats
% des personnes avec chaque résultat
Percentile par nombre de réponses
Votre historique - résultats
Vous n’avez pas pris ce quiz